Physics of Semiconductor Devices (Record no. 533822)
[ view plain ]
| 000 -LEADER | |
|---|---|
| fixed length control field | 00402nam a22001457a 4500 |
| 020 ## - INTERNATIONAL STANDARD BOOK NUMBER | |
| International Standard Book Number | 9788126517022 |
| 082 ## - DEWEY DECIMAL CLASSIFICATION NUMBER | |
| Classification number | 537.622 SZE 2007 |
| 100 ## - MAIN ENTRY--PERSONAL NAME | |
| Personal name | S.M.Sze & Kwok k. Ng |
| 245 ## - TITLE STATEMENT | |
| Title | Physics of Semiconductor Devices |
| Statement of responsibility, etc. | S.M.Sze & Kwok k. Ng |
| 250 ## - EDITION STATEMENT | |
| Linkage | 3rd. |
| 260 ## - PUBLICATION, DISTRIBUTION, ETC. | |
| Place of publication, distribution, etc. | India |
| Name of publisher, distributor, etc. | Wiley |
| Date of publication, distribution, etc. | 2007 |
| 300 ## - PHYSICAL DESCRIPTION | |
| Extent | 815p. |
| Other physical details | Pb. |
| Type of unit | Book |
| 942 ## - ADDED ENTRY ELEMENTS (KOHA) | |
| Source of classification or shelving scheme | |
| Koha item type | Book |
| Withdrawn status | Lost status | Source of classification or shelving scheme | Damaged status | Not for loan | Permanent Location | Current Location | Date acquired | Total Checkouts | Full call number | Barcode | Checked out | Date last seen | Date last checked out | Price effective from | Koha item type |
|---|---|---|---|---|---|---|---|---|---|---|---|---|---|---|---|
| School of Natural Sciences (SNS) | School of Natural Sciences (SNS) | 01/21/2020 | 4 | 537.622 SZE 2007 | SNS0002274 | 02/06/2026 | 01/07/2026 | 01/07/2026 | 01/21/2020 | Book |
